Psychologická pomoc v kríze pri nehodách, nešťastiach a katastrofách zborník príspevkov : 13.-14. november 2003

Bibliographic Details
Other Authors: Mardiaková, Zuzana (Editor)
Format: Book
Language:Slovak
Czech
PhysicalDescription:160 s. fareb. fotogr., mp., sch., tab. 23 cm
Published: Bratislava Okat plus 2004
ISBN:8096913212 (brož.)
Edition:[1. vyd.]
Subjects:

MARC

LEADER 00000cam a2200000 a 4500
001 vtls008837246
003 SK-MaSNL
005 20260415090109.0
008 160610s2004 xo obl f 100 0 slo
015 |a SNBA2006/08-04399 
020 |a 8096913212 (brož.) 
035 |a F1799FCD-7323-43E2-8D0A-FB956D6B5CB6 
035 |a urn:nbn:sk:snk-aml934 
035 |a urn:nbn:sk:snk-am008ry5 
040 |a SNK  |b slo  |c SNK  |e AACR2 
041 0 |a slo  |a cze 
044 |a xo  |c SK 
072 7 |a 159.97  |x Psychopatológia  |2 konspekt 
072 7 |a 614.8  |x Úrazy a ich prevencia  |2 konspekt 
080 |a 614.87  |2 2001 
080 |a 614.81/.841  |2 2001 
080 |a (063)  |2 2001 
080 |a 364-781.6  |2 2001 
080 |a 159.974  |2 2001 
080 |a 159.9.019.4  |2 2001 
245 0 0 |a Psychologická pomoc v kríze pri nehodách, nešťastiach a katastrofách  |b zborník príspevkov : 13.-14. november 2003  |c [editor: Zuzana Mardiaková] 
250 |a [1. vyd.] 
260 |a Bratislava  |b Okat plus  |c 2004 
300 |a 160 s.  |b fareb. fotogr., mp., sch., tab.  |c 23 cm 
504 |a Bibliogr. odkazy 
546 |a Čiast. text čes. 
650 0 7 |a psychické traumy  |2 SNKPH  |9 71373 
650 0 7 |a krízové situácie  |2 SNKPH  |9 1563 
650 0 7 |a katastrofy  |2 SNKPH  |9 3932 
655 7 |a zborníky konferencií  |2 SNKPH  |9 70153 
700 1 |a Mardiaková, Zuzana  |4 edt  |9 361002 
919 |a 80-969132-1-2 
958 |a OND 
999 |c 605659  |d 607589 
952 |a SNK  |b SNK  |y PREZ  |7 0  |p 17A0518314  |o snkSC 124472  |i snk2006/15695  |8 0  |0 0  |1 0  |4 0  |d 2006-08-08  |f 1  |l 0  |r 2025-06-06 00:00:00  |w 2026-02-23 
952 |a SNK  |b SNK  |y VYP  |7 0  |p 17A0518315  |o snkSC 124472 D1  |i snk2006/15696  |8 0  |0 0  |1 0  |4 0  |d 2006-08-08  |l 0  |r 2026-02-23 16:07:33  |w 2026-02-23